000 00346nam a2200145Ia 4500
008 230312s9999||||xx |||||||||||||| ||und||
020 _a0-19-861443-8
082 _a503
_bOXF
245 0 _aOxford Dictionary of Scientific Quotations
260 _bOxford Press
_aUK
_c2006
300 _a712
546 _aEng.
650 _aDictionary
942 _cBK
999 _c4623
_d4623